| 000 | 00779 a2200277 4500 | ||
|---|---|---|---|
| 003 | OSt | ||
| 005 | 20180116192325.0 | ||
| 008 | 120213t xxu||||| |||| 00| 0 eng d | ||
| 010 | _a 75040419 | ||
| 020 | _a0140042369 | ||
| 040 | _c0 | ||
| 082 | 0 | 0 | _a711.409 |
| 100 | 1 | _aBacon, Edmund N. | |
| 245 | 1 | 0 |
_aDesign of cities / _cEdmund N. Bacon. |
| 250 | _aRev. ed. | ||
| 260 |
_aNew York : _bPenguin Books, _c1976, c1974. |
||
| 300 |
_a336 p. : _bill. ; _c28 cm. |
||
| 490 | 0 | _aA Penguin book | |
| 490 | 0 | _aA Studio book | |
| 500 | _aIncludes index. | ||
| 650 | 0 | _aCity planning. | |
| 650 | 0 | _aSpace (Architecture) | |
| 650 | 0 | _aHarmony (Aesthetics) | |
| 942 |
_aSADA _cBK _k711.409 BAC 1976 _2ddc |
||
| 999 |
_c352148 _d352148 |
||